Sarkar's criminal major acts : (Record no. 95513)

MARC details
000 -LEADER
fixed length control field 00624nam a22001937a 4500
005 - DATE AND TIME OF LATEST TRANSACTION
control field 20150922103847.0
010 ## - LCCN (DPL NO)
LC control number ENG-113792
020 ## - INTERNATIONAL STANDARD BOOK NUMBER
International Standard Book Number 9789351435013
Terms of availability 2495.00
035 ## - SYSTEM CONTROL NUMBER
System control number EN-97324
037 ## - SOURCE OF ACQUISITION
Source of stock number/acquisition DBAD/PUB
082 ## - DEWEY DECIMAL CLASSIFICATION NUMBER
Classification number 345.54002632
100 ## - MAIN ENTRY--PERSONAL NAME
Personal name Sarkar, Prabhas C.
245 ## - TITLE STATEMENT
Title Sarkar's criminal major acts :
Remainder of title a complete handbook /
Statement of responsibility, etc by Prabhas C. Sarkar
250 ## - EDITION STATEMENT
Edition statement 8th ed
260 ## - PUBLICATION, DISTRIBUTION, ETC. (IMPRINT)
Place of publication, distribution, etc Gurgaon
Name of publisher, distributor, etc LexisNexis
Date of publication, distribution, etc 2015
270 ## - ADDRESS
Address 14th Floor, Building No.10, Tower-B, DLF Cyber City, Phase-II
City Gurgaon
Postal code 122002
300 ## - PHYSICAL DESCRIPTION
Extent various pagings
Dimensions 25cm(Hb)
942 ## - ADDED ENTRY ELEMENTS (KOHA)
Source of classification or shelving scheme Dewey Decimal Classification
Item type English Books
Call number suffix SAR
Classification part 345.54002632
Holdings
Withdrawn status Lost status Not for loan Collection code Home library Current library Date acquired Source of acquisition Cost, normal purchase price Full call number Barcode Copy number Cost, replacement price Koha item type
    Not For Loan Non-fiction D.B.Act.Division D.B.Act.Division 05/08/2015 DBAD/PUB 2495.00 345.54002632 SAR EN-97324 1 2495.00 English Books

© Delhi Public Library
Hit Counter
free hit counter